| 000 | 00525nam a2200181 i 4500 | ||
|---|---|---|---|
| 001 | 142075 | ||
| 003 | ES-MaACL | ||
| 005 | 20230906200435.0 | ||
| 007 | t| | ||
| 008 | 071002s1962 ag ||||1| spa d | ||
| 080 | _a849.9-311.2"19" | ||
| 100 | 1 |
_aVirós, Josep. _9115464 |
|
| 245 | 1 | 0 |
_aSiega verde / _cpor José Virós ; traducción del propio autor. |
| 260 |
_aBuenos Aires : _bPlaza & Janés, _c[1962] |
||
| 300 |
_a248 p. ; _c17 cm. |
||
| 500 | _aTraducción de: Ver madur. | ||
| 852 |
_aES-MaACL _jC-24719 _bR.51659 |
||
| 999 |
_c142075 _d142075 |
||